| 000 | 00839nam a22002057a 4500 | ||
|---|---|---|---|
| 999 |
_c14250 _d14250 |
||
| 003 | AR-CdUCM | ||
| 008 | 190422b ||||| |||| 00| 0 spa d | ||
| 040 |
_aMUNICIPALIDAD PROVINCIAL DEL CUSCO _cBIBLIOTECA MUNICIPAL DEL CUSCO |
||
| 082 |
_a306 / _bB51 |
||
| 100 |
_aBhasin, Kalma _932957 |
||
| 245 |
_aRompiendo barreras : _bUna experiencia sur asiática de formación para el desarrollo participativo / |
||
| 260 |
_aColombia : _bUmaña trujillo, _c1983. |
||
| 300 |
_a120 paginas ; _c25 cm. |
||
| 505 | _aContenido : Introducción -- Selección de los participantes -- Vida comunitaria -- Análisis de los asuntos de desarrollo -- Papel del coordinador... | ||
| 650 |
_aProceso de desarrollo _97699 |
||
| 650 |
_aOrganizaciones _95967 |
||
| 650 |
_aParticipación ciudadana _94011 |
||
| 942 |
_2ddc _cLIBROS |
||
| 945 |
_awnts _d2019-04-22 |
||